Pathophysiology of disease (Record no. 18925)
[ view plain ]
| 000 -LEADER | |
|---|---|
| fixed length control field | 00510nam a22001697a 4500 |
| 008 - FIXED-LENGTH DATA ELEMENTS--GENERAL INFORMATION | |
| fixed length control field | 210429b xxu||||| |||| 00| 0 eng d |
| 020 ## - INTERNATIONAL STANDARD BOOK NUMBER | |
| International Standard Book Number | 126028851X |
| 050 ## - LIBRARY OF CONGRESS CALL NUMBER | |
| Classification number | RB113 |
| Item number | .H36 2019 c.1 |
| 100 ## - MAIN ENTRY--PERSONAL NAME | |
| Personal name | Hammer, Gary D. |
| 245 ## - TITLE STATEMENT | |
| Title | Pathophysiology of disease |
| Remainder of title | an introduction to clinical medicine |
| Statement of responsibility, etc. | Gary D. Hammer |
| 250 ## - EDITION STATEMENT | |
| Edition statement | 8th ed. |
| Remainder of edition statement | International edition |
| 260 ## - PUBLICATION, DISTRIBUTION, ETC. (IMPRINT) | |
| Place of publication, distribution, etc. | New York |
| Name of publisher, distributor, etc. | McGrawHill |
| Date of publication, distribution, etc. | 2019 |
| 300 ## - PHYSICAL DESCRIPTION | |
| Extent | xiv, 814p. |
| 650 ## - SUBJECT ADDED ENTRY--TOPICAL TERM | |
| Topical term or geographic name as entry element | Pathophysiology |
| 700 ## - ADDED ENTRY--PERSONAL NAME | |
| Personal name | Stephen J. McPhee |
| 942 ## - ADDED ENTRY ELEMENTS (KOHA) | |
| Source of classification or shelving scheme | Library of Congress Classification |
| Koha item type | General Collection |
| Withdrawn status | Lost status | Source of classification or shelving scheme | Not for loan | Home library | Current library | Date acquired | Cost, normal purchase price | Total Checkouts | Full call number | Barcode | Date last seen | Date last checked out | Price effective from | Koha item type | Total Renewals | Checked out |
|---|---|---|---|---|---|---|---|---|---|---|---|---|---|---|---|---|
| Library of Congress Classification | Kabarak, Main Campus | Kabarak, Main Campus | 29/04/2021 | 5777.00 | 8 | RB113 .H36 2019 c.1 | 029803 | 23/03/2026 | 27/02/2026 | 29/04/2021 | General Collection | |||||
| Library of Congress Classification | Kabarak, Main Campus | Kabarak, Main Campus | 29/04/2021 | 5777.00 | 5 | RB113 .H36 2019 c.2 | 029804 | 10/02/2026 | 10/02/2026 | 29/04/2021 | General Collection | 1 | 14/03/2026 | |||
| Library of Congress Classification | Kabarak, Main Campus | Kabarak, Main Campus | 29/04/2021 | 5777.00 | 6 | RB113 .H36 2019 c.3 | 029805 | 01/03/2026 | 12/02/2026 | 29/04/2021 | General Collection | 2 | ||||
| Library of Congress Classification | Kabarak, Main Campus | Kabarak, Main Campus | 29/04/2021 | 5777.00 | 5 | RB113 .H36 2019 c.4 | 029806 | 26/06/2023 | 14/06/2023 | 29/04/2021 | General Collection | |||||
| Library of Congress Classification | Kabarak, Main Campus | Kabarak, Main Campus | 29/04/2021 | 5777.00 | 5 | RB113 .H36 2019 c.5 | 029807 | 15/03/2025 | 04/02/2025 | 29/04/2021 | General Collection | 1 |